000 00540nam a2200193Ia 4500
005 20230329110912.0
008 131103s9999 xx 000 0 und d
040 _aLoreto College
041 _aEnglish
082 _a822.8
_bIBS-NOR
100 _aNortham, John
245 _aIbsen's dramatic method
_b a study of the prose dramas
_cJohn Northam
260 _aLondon
_bFaber and Faber
_c1952
300 _a222p.
504 _aIncludes bibliographical references and index
650 _aEnglish drama
850 _aLCLIB
942 _cBK
999 _c22008
_d72487